000 00519cam a2200205 4500
001 B3069
008 090401t1990 xxu||||| |||| 00| 0 eng d
035 _a(Sirsi) u53821
041 _aeng
050 _a333.33709421
110 _aWinter and Company
_92734
245 _aServiced offices in Central London 1990: a market report
260 _aLondon
_bWinter and Company
_c1990
300 _a16p. ; 30cm.
350 _a50
650 _aBUSINESS CENTRES
650 _aOFFICES
942 _n0
948 _c04/03/1997
999 _c93342
_d93342